Click the country based area & population - Africa - Statistics

General Stats
  • This quiz has been taken 65 times
    44 since last reset
  • The average score is 31 of 54
Answers on the Map
Answers color-coded by a green-red scale on the quiz's map according to % correct below.
 
Answer Stats
Answer % Correct
105,2M - 2344k
100%
109,4M - 1104k
100%
223,8M - 923k
100%
105,9M - 1001k
91%
46,7M - 2381k
91%
50,4M - 1861k
91%
0,491M - 4,0k
82%
35,1M - 1246k
82%
45,9M - 241k
82%
61,7M - 947k
82%
63,0M - 1219k
82%
0,121M - 457
73%
0,228M - 964
73%
28,7M - 475k
73%
7,3M - 1759k
73%
0,900M - 1,8k
64%
12,8M - 27,8k
64%
15,2M - 644k
64%
18,6M - 1284k
64%
2,4M - 582k
64%
26,3M - 1267k
64%
30,8M - 587k
64%
4,9M - 1030k
64%
52,4M - 580k
64%
11,8M - 163k
55%
12,9M - 114k
55%
1,2M - 2,0k
55%
19,6M - 752k
55%
20,2M - 118k
55%
22,3M - 1240k
55%
3,0M - 824k
55%
33,0M - 238k
55%
33,2M - 799k
55%
37,3M - 446k
55%
6,4M - 622k
55%
13,7M - 26,3k
45%
18,1M - 196k
45%
23,4M - 274k
45%
29,3M - 322k
45%
3,5M - 117k
45%
6,1M - 342k
45%
1,0M - 23,2k
36%
13,2M - 245k
36%
1,5M - 28,0k
36%
16,7M - 390k
36%
19,0M - 637k
36%
2,3M - 30,3k
36%
1,2M - 17,3k
27%
1,7M - 36,1k
27%
2,4M - 267k
27%
5,2M - 111k
27%
8,8M - 72,3k
27%
2,4M - 11,2k
18%
8,0M - 56,7k
18%
No matching quizzes found
Score Distribution
Percent of People with Each Score
Percentile by Number Answered
Your Score History
You have not taken this quiz since the last reset